00342nam a2200133Ia 4500008004100000041000800041082001500049100001900064245002000083250001400103260005200117300003000169365000900199240624s9999 xx 000 0 und d aeng a346.42 POZ aPOZA ERNESTO J aFAMILY BUSINESS a(3rd ed.) c2010aAustraliabSouth-Western Cengage Learning axv, : 391 : p. : cm. ; 23 cb30